O controle jurisdicional da funȯ̂ normativa das agn̊cias reguladoras

Bibliographic Details
Main Author: Pereira Nobre Jn︢ior, Edilson
Format: eBook
Language:Portuguese
Published: San Pablo: Editora ContraCorrente, 2021
Subjects:
Online Access:Acceso restringido

MARC

LEADER 00000nam a22000007a 4500
005 20220610213345.0
007 cr|||| ||||
008 220610s2021 br |||||s|||| 00||0 por d
020 |a 978-65-88470-63-3 
035 |a 36449 
040 |a vLex 
090 |c 13408  |d 13408 
100 1 |a Pereira Nobre Jn︢ior, Edilson 
245 1 1 |a O controle jurisdicional da funȯ̂ normativa das agn̊cias reguladoras  |h [Recurso electrn̤ico] /  |c Edilson Pereira Nobre Jn︢ior 
256 |a Servicio en ln̕ea 
260 |a San Pablo:  |b Editora ContraCorrente,  |c 2021 
300 |a 1 recurso electrn̤ico 
506 1 |a Disponible solo en los productos indicados  |d vLex Global  |d vLex Global (Academic Edition, excluding Law Schools)  |d vLex Global (U.S. Academic Edition, Law Schools)  |d vLex Global (U.S. Academic Edition, excluding Law Schools)  |d vLex Global (Academic Edition, Law Schools) 
650 0 4 |a Derecho Procesal  |z Brasil 
650 0 4 |a Organizacin̤ Judicial  |z Brasil 
740 0 |a vLex Libros (Servicio en ln̕ea) 
856 4 0 |u https://app.vlex.com/#/sources/36449  |z Acceso restringido 
942 |c BOOK 
999 0 |a Procedural Law 
999 0 |a Judicial Organization